Quizzes
Events
Quiz Creation
Community
Videos
Private Events
Remove Ads
Sign In
Join for FREE
Feedback
Dark Mode
Quiz Categories
Sports
Geography
Music
Movies
Television
Just For Fun
Miscellaneous
History
Literature
Language
Science
Gaming
Entertainment
Religion
Holiday
For Kids
Quiz Lab
Recent
Popular Today
Quiz Kudos Today
Editor Picks
Curator Picks
Quizzes by...
Day
Popularity
Type
Ratings
Length
Year
Community
Subscriptions
Recent Discussions
Orange Saloon
Badges
Playlists
Quests
Create
Leaderboards
Showdown
Live 5
Trivia Bingo
Activity
Puzzle Library
Sporcle Events
Private Events
Virtual Trivia
Globe League
Become a Host
Pub Owners
SporcleCon
Opinionation
Our Games
Videos
Blog
Mobile Apps
Partnerships
Remove Ads and Go Orange
Feedback
Television
TV Characters
TV Show
Sitcom
Network
Friends
Reality Shows
Cast
South Park
Star Trek
The Simpsons
Doctor Who
Television
TV Characters
TV Show
Sitcom
Network
Friends
Reality Shows
Cast
South Park
Star Trek
The Simpsons
Doctor Who
Random Quiz
Search Sporcle
×
Quiz Lab
Quiz Lab
Television
Cartoons
Type in answers that appear in a list
Type in answers that appear in a list
Classic
Best Score? Go Orange.
SpongeBob SquarePants: Plankton! Stats
Can you name the answers to these questions about the episode of SpongeBob SquarePants: Plankton!
By
Oriolesfan10
6m
20 Questions
788 Plays
788 Plays
788 Plays
Comments
Comments
Give Quiz Kudos
Give Quiz Kudos
-
- Ratings
hide this ad
More Info
Replay
Link that replays current quiz
Next Quiz
Link to next quiz in quiz playlist
You Got
0%
They Got
Avg Score
56%
Avg Friend Score
Upgrade to see
Score Distribution
Jump to the score distribution portion of the page
Score
0/20
Timer
06:00
0
Plays Today
Question
Answer
% Correct
What is the name of Plankton's restaurant?
The Chum Bucket
79.9%
Squidward: 'One Krabby Patty for table _
_
_
.' (Fill in the blank)
Two
79.5%
This character's opening line: 'Hear me Krabs. When I discover your formula for Krabby Patties, I'll run you out of business.'
Plankton
78.5%
Squidward: Les quit fooling around, where's my Krabby Patty? SpongeBob: Les hold on a second! And voila! It's under your _
_
_
_
!
Nose
75.2%
Seaweed Ingredient One: 50% _
_
_
Sea
66.7%
Seaweed Ingredient Two: 50% _
_
_
_
Weed
65.4%
Year of the original air date?
1999
63.4%
Plankton: I went to _
_
_
_
_
_
_
!
College
62.7%
Plankton Ingredient One: 1% _
_
_
_
Evil
60.7%
Mr. Krabs uses what instument to inspect the new character?
Magnifying Glass
58.3%
Question
Answer
% Correct
Plankton Ingredient Two 99% _
_
_
_
_
_
Hot Gas
55.2%
Plankton tries to bribe SpongeBob with what type of spatula? (Ignore the fact it has his name on it)
Golden
53.3%
Before showing SpongeBob his laboratory, Plankton shows SpongeBob what type of dog? (Three letters for short)
Lab
50.4%
Plankton: Give it back, you porous freak! I command you! My patty! [the doors come to a close] Nooooo! I'll settle for some _
_
_
_
_
.
Fries
49.1%
Plankton: [through SpongeBob to Squidward] Shut your mouth, you _
_
_
_
_
_
_
clarinet player.
Mediocre
49%
SpongeBob: [the patty slithers out the door and heads for the exit] I swear I'm not doing anything. Mr. Krabs! The Krabby Patty is _
_
_
_
_
_
_
!
Haunted
48.6%
Plankton periodically uses a _
_
_
_
_
_
_
_
_
_
_
_
to play his music.
Record Player
47.2%
Plankton: And you know what I'd like more than anything in the whole wide world? SpongeBob: a _
_
_
_
_
_
_
_
_
_
_
?
Booster Seat
36.9%
Plankton: I just want to talk. You could say we're friends, right? SpongeBob: Um...no. Plankton: Acquaintances? SpongeBob: No. Plankton: Well, we're both _
_
_
_
_
_
_
_
_
_
_
_
, aren't we?
Invertebrates
35.5%
The device Plankton embedded into SpongeBob's brain had one labeled button. What two word label did it have?
Total Control
12.3%
Quiz Playlist
Details
Report
Send in Message
Add To Playlist
More Info:
The questions are in chronological order.Some questions are directly taken from the show's transcript.
Classic:
Type in answers that appear in a list
Quiz Source
Last Updated: Feb 16, 2017
Quiz Scoreboard
CHALLENGE
Sign Up to Join the Scoreboard
Show All
Scores
Hide
Comments
May contain spoilers
Recently Published
Click the 1999 NBA Draft
by nibperrychub
Sports
2m
Alphabetical 'K' Countries by Flag Minefield
by ylime102
Geography
3m
Pick 6: Fruits
by JohnFran
Miscellaneous
15s
More to Explore
Quiz From the Vault
Featured Blog Post
15 Basketball Trivia Facts You Can Be March Mad About
hide this ad
You Might Also Like...
Tags
Cartoons Quiz
episode
Krabby
nick
Nickelodeon
Patty
plankton
sponge
SpongeBob
Today's Top Quizzes in Television
Browse Television
hide this ad
Today's Top Quizzes in Cartoons
Browse Cartoons
Top Contributed Quizzes in Television
1
Hidden Simpsons Character
2
First Name TV: Leading Men
3
Hidden Simpsons Character XXIV
4
First Name TV: Leading Women Drama
5
Hidden Simpsons Character II
6
Hidden Simpsons Character III
7
Pick A Pair: Religious TV
8
Hidden Simpsons Character XXV
9
Hidden Simpsons Character XXVI
10
The Vampire Diaries Logic Puzzle
Explore More
Trending Topics
Kpop
Marvel
NBA
Crossword
Harry Potter
Anime
Disney
Pokémon
NFL
Puzzle
WWE
Country
Song
Soccer
The Office
hide this ad
More By:
Oriolesfan10
Quiz
Plays
Rating
Category
Featured
Created
Flintstones Characters by Image
32,759
4.55
Television
Jan 18, 2012
The Fairly OddParents Characters
16,543
3.98
Television
Nov 15, 2012
The Powerpuff Girls Characters by Image
15,031
4.63
Television
Nov 17, 2012
Jetsons Characters by Image
14,247
4.46
Television
Jan 19, 2012
Arctic Monkeys Audio Challenge
13,681
4.73
Music
Feb 20, 2012
Go to Creator's Profile
Score Distribution
Quiz Creator Spotlight
Oriolesfan10
Follow
Send a Message
Quizzes Created
-
Created Quiz Play Count
-
More By This Creator
Popular Quizzes Today
1
Countries of Asia Without Outlines Minefield
2
Find the US States - No Outlines Minefield
3
Pick 6: Fruits
4
Alphabetical 'K' Countries by Flag Minefield
5
The Countries of the World
6
Find the Countries of Europe - No Outlines Minefield
7
Find the US States
8
US States
More Television Quizzes
The Ultimate Peep Show Quiz- Season 1
Quiz Lab
Trending Quizzes
Pick 6: Mountains
Pick 6: Harry Potter
Pick 6: Flags
Pick 6: NFL Teams
Pick 6: Movie Franchises
Recently Updated
NWSL Teams
pecheneg
Women's Final Four Teams by Year
bhenderson79
Presidents Quartet II
eogle
Anything But Clue(do)
eogle
Anything But Oceanian Capitals
eogle
Anything But 7
eogle
Anything But Thing
eogle
Word Ladder: February 29
pecheneg
Song Title Questions
pecheneg
Women's NCAA Tournament #1 Seeds
pecheneg
Trending Topics
Harry Potter
Kpop
Disney
Marvel
Crossword
NBA
Anime
Puzzle
The Office
Country
Pokémon
NFL
Soccer
Song
WWE
Your Account Isn't Verified!
In order to create a playlist on Sporcle, you need to verify the email address you used during registration. Go to your
Sporcle Settings
to finish the process.
Report this User
Report this user for behavior that violates our
Community Guidelines
.
Details:
Send Report
Go to the Sporcle.com Mobile Site →
Comments